Reading Habits In Changing Scenario & LIS Education: Emerging Paradigm, Challenges and Vision/ (Record no. 193217)
[ view plain ]
| 000 -LEADER | |
|---|---|
| fixed length control field | 00597nam a22001697a 4500 |
| 005 - DATE AND TIME OF LATEST TRANSACTION | |
| control field | 20221018105945.0 |
| 010 ## - LCCN (DPL NO) | |
| LC control number | ENG-135470 |
| 020 ## - INTERNATIONAL STANDARD BOOK NUMBER | |
| Terms of availability | 490.00 |
| 035 ## - SYSTEM CONTROL NUMBER | |
| System control number | EN-119002 |
| 037 ## - SOURCE OF ACQUISITION | |
| Source of stock number/acquisition | DBAD/PUB |
| 082 ## - DEWEY DECIMAL CLASSIFICATION NUMBER | |
| Classification number | 370 |
| 245 ## - TITLE STATEMENT | |
| Title | Reading Habits In Changing Scenario & LIS Education: Emerging Paradigm, Challenges and Vision/ |
| 260 ## - PUBLICATION, DISTRIBUTION, ETC. (IMPRINT) | |
| Place of publication, distribution, etc | Kolkata |
| Name of publisher, distributor, etc | Indian Association Of Special Libraries and Information Centre |
| Date of publication, distribution, etc | 2012 |
| 270 ## - ADDRESS | |
| Address | P-291, CIT Scheme 6M, Kankurachi |
| City | Kolkata |
| Postal code | 700054 |
| Telephone number | 033-23629651 |
| Electronic mail address | iaslic@vsnl.net |
| 300 ## - PHYSICAL DESCRIPTION | |
| Extent | 456p. |
| Dimensions | 24cm(pbk) |
| 942 ## - ADDED ENTRY ELEMENTS (KOHA) | |
| Source of classification or shelving scheme | Dewey Decimal Classification |
| Item type | English Books |
| Call number suffix | REA |
| Classification part | 370 |
| Withdrawn status | Lost status | Not for loan | Collection code | Home library | Current library | Date acquired | Source of acquisition | Cost, normal purchase price | Full call number | Barcode | Copy number | Cost, replacement price | Koha item type |
|---|---|---|---|---|---|---|---|---|---|---|---|---|---|
| Non-fiction | Kadipur | Kadipur | 18/10/2022 | DBAD/PUB | 490.00 | 370 REA | EN-119002 | 1 | 490.00 | English Books |
